Paroles - Melodies of Life (Rétro Découverte) - Statistiques

Statistiques générales
  • Ce quiz a été pris 10 fois
  • Le résultat moyen est 125 sur 238
Statistiques - réponses
Paroles % Correct
l’
90%
L’
90%
à
80%
À
80%
d’
80%
la
80%
le
80%
Le
80%
me
80%
s’
80%
t-
80%
un
80%
Une
80%
une
80%
ce
70%
ces
70%
de
70%
Je
70%
je
70%
les
70%
Les
70%
mélodie
70%
mélodie,
70%
n’
70%
ne
70%
Ne
70%
Nous
70%
nous
70%
pour
70%
vie
70%
ai
60%
au
60%
Avec
60%
dans
60%
Dans
60%
deux
60%
elle
60%
et
60%
Et
60%
être
60%
jamais
60%
Jamais
60%
mon
60%
qu’
60%
que
60%
se
60%
En
50%
en
50%
fait
50%
laisse
50%
Ni
50%
nos
50%
obscurité
50%
ode
50%
perdue
50%
plus
50%
sa
50%
souvenirs
50%
tu
50%
yeux
50%
adieu
40%
adieux
40%
avait
40%
avenir
40%
blessée
40%
brin
40%
cœur
40%
douceur
40%
Errante,
40%
esseulée,
40%
jour
40%
notre
40%
passe
40%
passé
40%
peu
40%
présence
40%
Recomposons
40%
restent
40%
sourires
40%
tant
40%
tendres
40%
tendresse
40%
toi,
40%
Voudra-
40%
apaiser
30%
bouleversé
30%
Car
30%
découverte
30%
destin,
30%
encore
30%
ensemble
30%
faite
30%
faveur
30%
forcer
30%
fuyais
30%
hauteur
30%
hivers
30%
horizon
30%
Jusqu’
30%
laissées
30%
laisserons
30%
larmes
30%
mésententes
30%
Nourrissons
30%
nouveau
30%
offert
30%
pardonner
30%
passés
30%
penses-
30%
peut
30%
pizzas
30%
printemps
30%
promesses
30%
racines
30%
radieux
30%
refleurir
30%
refroidir
30%
trop
30%
vivions
30%
Voyons
30%
arc-en-ciel
20%
autres
20%
Bien
20%
demain
20%
donner
20%
du
20%
effacer
20%
envole
20%
Faisant
20%
gros
20%
loin,
20%
Naîtrons
20%
nouveaux
20%
oisillon
20%
parfois
20%
partir
20%
place
20%
rayons
20%
Soleil,
20%
sous
20%
temps
20%
termine
20%
toujours
20%
chemin
10%
partons
10%
tracer
10%
Aucun quiz correspondant
Distribution des résultats
% des personnes avec chaque résultat
Percentile par nombre de réponses
Votre historique - résultats
Vous n’avez pas pris ce quiz